header

Medieval poetics and social practice (Record no. 94772)

MARC details
000 -LEADER
fixed length control field 01472nam a2200361 a 4500
082 04 - DEWEY DECIMAL CLASSIFICATION NUMBER
Classification number 821/.109353
245 00 - TITLE STATEMENT
Title Medieval poetics and social practice
250 ## - EDITION STATEMENT
Edition statement 1st ed.
260 ## - PUBLICATION, DISTRIBUTION, ETC. (IMPRINT)
Place of publication New York :
Name of publisher Fordham University Press,
Year of publication 2012.
300 ## - PHYSICAL DESCRIPTION
Number of Pages vi, 250 p.
490 1# - SERIES STATEMENT
Series statement Fordham series in medieval studies
650 #0 - SUBJECT ADDED ENTRY--TOPICAL TERM
Topical Term English poetry
700 1# - ADDED ENTRY--PERSONAL NAME
Personal name Chaganti, Seeta.
Personal name Szittya, Penn R.,
856 40 - ELECTRONIC LOCATION AND ACCESS
Uniform Resource Identifier http://site.ebrary.com/lib/rucke/Doc?id=10561967

No items available.

© 2026 Rongo University
Contact us: librarian | system librarian | Rongo university